| 000 | 01361cab a2200229 4500 | ||
|---|---|---|---|
| 001 | ##L133565 | ||
| 008 | 060518n2006 000 0 eng u | ||
| 035 | _a(Sirsi) u133565 | ||
| 041 | 0 | _aeng | |
| 100 | 1 | _aMacpherson, Camilla | |
| 245 | 0 | 0 |
_aFinal and binding? _bchallenges under the Arbitration Act 1996, section 69 |
| 260 | _c2006 | ||
| 490 | 0 |
_aArbitration _v72(2) May 2006, 119-123(5) |
|
| 520 | _aThe Arbitration Act 1996 s68 provides that an arbitrator's decision can be challenged on the basis of serious irregularity. In "Lesotho Highlands Development Authority v Impregilo SpA and others" ([2005] UKHL 43, L130513) it was held that such a remedy had to be regarded as exceptional; the threshold that the applicant has to meet is a high one, as a court must approach an application under s68 from the standpoint that it should interfere with the arbitration as little as possible. The decision is consistent with the approach adopted by other courts who had to decide s68 applications in 2005. | ||
| 590 | _aIKA230506 | ||
| 650 | 2 | 4 | _aARBITRATION ACT 1996 S68 |
| 650 | 2 | 4 | _aLESOTHO HIGHLANDS DEVELOPMENT AUTHORITY V IMPREGILO SPA AND OTHERS |
| 651 | 4 |
_aUnited Kingdom _y |
|
| 690 | _aMANAGEMENT-DISPUTE AVOIDANCE, MANAGEMENT AND RESOLUTION-DISPUTE MANAGEMENT AND RESOLUTION-ARBITRATION | ||
| 700 | 1 | _aMainwaring-Taylor, Chris | |
| 942 | _n0 | ||
| 999 |
_c77085 _d77085 |
||